On This Day (November 9th) Multiple Choice - Statistics

General Stats
  • This quiz has been taken 10 times
  • The average score is 6 of 15
Answer Stats
Question Answer % Correct
1620 – Pilgrims aboard the Mayflower sight land. But where ? Cape Cod, Massachusetts
60%
1953 – Cambodia gains independence from which nation ? France
60%
1967 – The first issue of which magazine is published ? Rolling Stone
60%
1907 – The Cullinan Diamond is presented to King Edward VII on his birthday. In which country was the diamond found ? South Africa
60%
1456 – Ulrich II, Count of Celje, last ruler of the County of Cilli, is assassinated in which city ? Belgrade
50%
1938 – The Nazi German diplomat Ernst vom Rath dies from gunshot wounds by Herschel Grynszpan, an act which the Nazis used as an excuse to instigate what ? Kristallnacht pogrom against Jews
50%
1906 – Theodore Roosevelt is the first sitting President of the United States to make an official trip outside the country. Where did he go ? Panama
50%
1688 – Glorious Revolution: William of Orange captures which city in the South of England ? Exeter
40%
2004 – Which web browser is released ? Firefox 1.0
40%
2012 – At least 27 people are killed and dozens are wounded in conflicts between inmates and guards at Welikada prison in which city ? Colombo, Sri Lanka
30%
1861 – The first documented football match in Canada is played at University College, in which city ? Toronto
30%
1993 – Stari Most, the "old bridge", built in 1566, collapses after several days of bombing by Croat forces in which Bosnian city ? Mostar
20%
2005 – Suicide bombers attack three hotels in which capital city, killing at least 60 people ? Amman
10%
1994 – Which chemical element is discovered ? Darmstadtium
10%
1998 – A U.S. federal judge, in the largest civil settlement in American history, orders 37 U.S. brokerage houses to pay how much to cheated NASDAQ investors ? $1.03 billion
0%
No matching quizzes found
Score Distribution
Percent of People with Each Score
Percentile by Number Answered
Your Score History
You have not taken this quiz